[Event "sorim1"]
[Site "http://www.queenalice.com/game.php?id=1177100"]
[Date "2013.5.1"]
[Round "3"]
[White "Maxwell"]
[Black "Eduardomoreto67"]
[Result "1/2-1/2"]
[WhiteElo "2040"]
[BlackElo "2036"]

1. d4 Nf6 2. Nf3 c5 3. d5 d6 4. c4 g6 5. Nbd2 Bg7 6. e4 Nbd7 7. Be2 O-O 8. O-O
a6 9. Rb1 b5 10. b3 b4 11. Bb2 a5 12. Bd3 Nb6 13. Re1 a4 14. e5 dxe5 15. Bxe5
axb3 16. axb3 Bg4 17. h3 Bxf3 18. Nxf3 Qd7 19. Qc2 Ra7 20. Ra1 Rfa8 21. Rxa7
Qxa7 22. Ra1 Qd7 23. Qb2 Ne8 24. Bxg7 Nxg7 25. Rxa8+ Nxa8 26. Qa1 Nc7 27. Bc2 e6
28. Qa7 Qd6 29. Qb8+ Nge8 30. dxe6 Qxe6 31. Qd8 Qe2 32. Bd1 Qe4 33. Qd7 Qe6 34.
Qd8 1/2-1/2

[Event "noroc-2"]
[Site "http://www.queenalice.com/game.php?id=1177342"]
[Date "2013.5.2"]
[Round "5"]
[White "ebpap123"]
[Black "Maxwell"]
[Result "0-1"]
[WhiteElo "1820"]
[BlackElo "2032"]

1. e4 g6 2. d4 Bg7 3. Nf3 c5 4. dxc5 Qa5+ 5. c3 Qxc5 6. Be3 Qc7 7. Bd3 Nc6 8.
O-O Nf6 9. Nbd2 O-O 10. Re1 d6 11. h3 b6 12. Rc1 Bb7 13. Nf1 Nd7 14. Ng3 Nde5
15. Nxe5 Nxe5 16. Bb5 a6 17. Ba4 Nc4 18. Qc2 Nxe3 19. Rxe3 Bh6 20. Qe2 Bxe3 21.
Qxe3 Rad8 22. Bc2 d5 23. exd5 Rxd5 24. Be4 Rd6 25. Bc2 Re6 26. Qd3 Rd8 27. Qf1
Rd2 28. Bb3 Rf6 29. Rb1 Qc5 30. Ne4 Bxe4 0-1

[Event "Not Again"]
[Site "http://www.queenalice.com/game.php?id=1417508"]
[Date "2016.4.9"]
[Round "-"]
[White "Maxwell"]
[Black "trompmaster"]
[Result "1-0"]
[WhiteElo "2038"]
[BlackElo "2429"]

1. d4 f5 2. c4 e6 3. Nf3 Nf6 4. Nc3 d5 5. e3 c6 6. cxd5 exd5 7. Bd3 Bd6 8. Qc2
Ne4 9. a3 O-O 10. O-O Nd7 11. Ne2 g5 12. b4 g4 13. Ne1 Bxh2+ 14. Kxh2 Rf6 15. g3
Rh6+ 16. Kg2 Ndf6 17. Nf4 Qf8 18. Rh1 Rxh1 19. Kxh1 Qh6+ 20. Kg1 Nh5 21. Nxh5
Qxh5 22. Bxe4 fxe4 23. Ng2 Bd7 24. a4 Rf8 25. b5 Rf6 26. Rb1 b6 27. Ba3 Rh6 28.
Nh4 Qg5 29. Kg2 Qd8 30. Qb2 Kf7 31. Qb4 Rf6 32. Rc1 h6 33. Kg1 h5 34. Rc2 Rh6
35. bxc6 Bxc6 36. Nf5 1-0

[Event "Not Again"]
[Site "http://www.queenalice.com/game.php?id=1417509"]
[Date "2016.4.9"]
[Round "-"]
[White "trompmaster"]
[Black "Maxwell"]
[Result "0-1"]
[WhiteElo "2407"]
[BlackElo "2098"]

1. Nf3 d5 2. d4 Nf6 3. e3 c6 4. Bd3 Bg4 5. h3 Bh5 6. Nbd2 Nbd7 7. g4 Bg6 8. Qe2
Qc7 9. Nh4 e5 10. Nxg6 hxg6 11. c3 e4 12. Bc2 Be7 13. b3 Rh4 14. Nf1 Nxg4 15.
Ng3 Ngf6 16. Bb2 O-O-O 17. O-O-O Rdh8 18. Qf1 Nh5 19. Qg2 Bd6 20. Rdg1 Nf8 21.
Bd1 Nf6 22. Be2 N8h7 23. Nf1 Kb8 24. Nd2 Nf8 25. c4 Qd8 26. c5 Bc7 27. b4 Ne6
28. a4 R8h7 29. a5 a6 30. Nb1 Qh8 31. Bf1 g5 32. f3 exf3 33. Qxf3 g4 34. Qd1 g3
35. Bg2 Ng5 36. Qf1 Nfe4 37. Bxe4 Nxe4 38. Qxf7 Nf2 39. Nc3 Nxh1 40. Rxh1 Rxh3
41. Rxh3 Rxh3 0-1

[Event "Dog House"]
[Site "http://www.queenalice.com/game.php?id=1419507"]
[Date "2016.4.23"]
[Round "-"]
[White "trompmaster"]
[Black "Maxwell"]
[Result "0-1"]
[WhiteElo "2422"]
[BlackElo "2068"]

1. c4 g6 2. d4 Bg7 3. e4 c5 4. d5 d6 5. Be2 Nf6 6. Nc3 O-O 7. g4 e6 8. g5 Ne8 9.
h4 exd5 10. cxd5 a6 11. a4 Nd7 12. Bd2 f6 13. h5 fxg5 14. hxg6 hxg6 15. Nh3 g4
16. Ng5 Ne5 17. Ne6 Bxe6 18. dxe6 Nf3+ 19. Bxf3 Rxf3 20. Nd5 Bd4 21. Be3 Bxe3
22. Nxe3 Qg5 23. Ra3 Qf4 24. Qd5 Rb8 25. e7+ Kg7 26. Rg1 Nf6 27. Nf5+ gxf5 28.
Rxf3 Qxf3 29. Qxd6 Qxe4+ 30. Kf1 Re8 31. Qxc5 Rxe7 32. Qc1 Qd3+ 0-1

[Event "Dog House"]
[Site "http://www.queenalice.com/game.php?id=1419508"]
[Date "2016.4.23"]
[Round "-"]
[White "Maxwell"]
[Black "trompmaster"]
[Result "1-0"]
[WhiteElo "2120"]
[BlackElo "2374"]

1. d4 Nf6 2. Nf3 d6 3. Bg5 Nbd7 4. c3 h6 5. Bh4 g5 6. Bg3 Bg7 7. Nbd2 Nh5 8. e4
e6 9. Bd3 e5 10. O-O Nxg3 11. hxg3 g4 12. Nh4 exd4 13. Nf5 Ne5 14. Nxg7+ Kf8 15.
Bc2 dxc3 16. bxc3 Kxg7 17. Nb3 Be6 18. Nd4 Bc4 19. Re1 Qf6 20. Nf5+ Kh7 21. f4
gxf3 22. gxf3 Rag8 23. Kg2 Qg5 24. Rh1 Rg6 25. Rh3 Re8 26. Kf2 Qd8 27. Qd2 Ree6
28. a3 Qf8 29. Rah1 c5 30. g4 Kg8 31. Nxh6+ Kg7 32. Nf5+ Kf6 33. Rh8 Nxg4+ 34.
fxg4 Rg8 35. Rxg8 Qxg8 36. Qf4 1-0

[Event "Brother Timediah the Bearded"]
[Site "http://www.queenalice.com/game.php?id=1420901"]
[Date "2016.5.1"]
[Round "-"]
[White "trompmaster"]
[Black "Maxwell"]
[Result "1-0"]
[WhiteElo "2369"]
[BlackElo "2135"]

1. Nf3 g6 2. d4 Bg7 3. c4 c5 4. d5 e6 5. e4 exd5 6. cxd5 d6 7. g3 Nf6 8. Nc3 Qa5
9. Nd2 O-O 10. Nc4 Qd8 11. Bg2 a6 12. a4 Qc7 13. O-O Nbd7 14. f4 Re8 15. Re1 Nb6
16. Nxd6 Qxd6 17. e5 Qd8 18. exf6 Bxf6 19. Rxe8+ Qxe8 20. Ne4 Bg7 21. Nxc5 Qd8
22. d6 Rb8 23. Ra2 Nd7 24. Nxd7 Bxd7 25. Be3 b5 26. Ba7 Rc8 27. Bb7 Rc4 28. b3
Rc3 29. a5 h5 30. Bb6 Qf6 31. Rd2 Qf5 32. Qe1 Bf6 33. Rd5 Qc2 34. Rd2 Qxb3 35.
Bxa6 Qa3 36. Rd1 Rc2 37. Bb7 1-0

[Event "Brother Timediah the Bearded"]
[Site "http://www.queenalice.com/game.php?id=1420902"]
[Date "2016.5.1"]
[Round "-"]
[White "Maxwell"]
[Black "trompmaster"]
[Result "0-1"]
[WhiteElo "2140"]
[BlackElo "2361"]

1. d4 e6 2. Nf3 f5 3. g3 Nf6 4. Bg2 c6 5. c3 d5 6. Nbd2 Bd6 7. Ne5 O-O 8. Ndf3
Ne4 9. O-O Nd7 10. Nxd7 Bxd7 11. Ne5 Be8 12. f3 Nf6 13. Bf4 Nh5 14. Qd2 Nxf4 15.
gxf4 Qh4 16. e3 Rf6 17. Qf2 Qh5 18. h3 h6 19. Kh2 Rc8 20. Rh1 Rc7 21. Kg1 g5 22.
fxg5 hxg5 23. f4 Rg7 24. Kf1 Bxe5 25. dxe5 Rfg6 26. Bf3 Qh8 27. Ke2 gxf4 28.
exf4 b6 29. Rh2 Rg3 30. Rah1 Bh5 31. Bxh5 Qxh5+ 32. Ke1 Rf3 33. Qe2 Qh4+ 34. Kd1
Qxf4 35. Kc2 Re3 36. Qd2 Qe4+ 37. Kc1 Qxe5 38. Rg2 Rxg2 39. Qxg2+ Rg3 40. Qd2
Qe3 0-1

[Event "May 24"]
[Site "http://www.queenalice.com/game.php?id=1423900"]
[Date "2016.5.20"]
[Round "-"]
[White "trompmaster"]
[Black "Maxwell"]
[Result "0-1"]
[WhiteElo "2353"]
[BlackElo "2130"]

1. d4 d5 2. Nf3 Nf6 3. e3 Bg4 4. h3 Bh5 5. g4 Bg6 6. Ne5 e6 7. h4 h6 8. Nxg6
fxg6 9. Bd3 Kf7 10. Nd2 Bd6 11. h5 g5 12. Rh3 Rf8 13. Qf3 Ke7 14. Qg2 c6 15. f3
Nbd7 16. e4 e5 17. c3 Kf7 18. exd5 cxd5 19. dxe5 Bxe5 20. Bg6+ Kg8 21. Nf1 Qc7
22. Bd2 d4 23. cxd4 Bxd4 24. Rc1 Qb6 25. b4 Nd5 26. a3 Nf4 27. Bxf4 Rxf4 28.
Qa2+ Kh8 29. Rc2 Raf8 30. Qd5 Nf6 31. Qb3 Nxg4 32. Be4 Nf2 33. Rg3 Nxe4 34. Rh3
Nf2 35. Rg3 Re8+ 36. Re2 Rxe2+ 37. Kxe2 Qb5+ 38. Ke1 Qe5+ 39. Kd2 Bb6 40. Kc2
Qe2+ 41. Nd2 Qd1+ 0-1

[Event "May 24"]
[Site "http://www.queenalice.com/game.php?id=1423901"]
[Date "2016.5.20"]
[Round "-"]
[White "Maxwell"]
[Black "trompmaster"]
[Result "1/2-1/2"]
[WhiteElo "2149"]
[BlackElo "2362"]

1. d4 Nf6 2. Nf3 d6 3. c4 g6 4. Nc3 Bf5 5. e3 Bg7 6. Bd3 Bxd3 7. Qxd3 O-O 8. O-O
Nbd7 9. e4 c5 10. Be3 Ng4 11. Rad1 Nxe3 12. fxe3 Rc8 13. b3 Qe8 14. Ne2 Rc6 15.
Nf4 e6 16. g4 Ra6 17. Rd2 h6 18. h4 Qe7 19. h5 g5 20. Ne2 e5 21. d5 Nf6 22. Nh2
Qd7 23. Rf5 Kh8 24. Ng3 Ng8 25. Rf1 Ne7 26. Nf5 Ng8 27. Kg2 f6 28. Kh3 Rf7 29.
Nf3 Kh7 30. Ng1 Qd8 31. Ne2 Ra3 32. Nc3 a6 33. Qc2 Ra5 34. a4 Rd7 35. Qd3 Ne7
36. Nxe7 Rxe7 37. Ne2 b6 38. Kg3 1/2-1/2

[Event "Not Ned's games"]
[Site "http://www.queenalice.com/game.php?id=1427086"]
[Date "2016.6.10"]
[Round "-"]
[White "trompmaster"]
[Black "Maxwell"]
[Result "1/2-1/2"]
[WhiteElo "2336"]
[BlackElo "2149"]

1. Nf3 d5 2. e3 Nf6 3. c4 c6 4. b3 e6 5. Bb2 Nbd7 6. d4 Bd6 7. Ne5 O-O 8. Bd3
Qc7 9. f4 Ne4 10. O-O f6 11. Ng4 Qd8 12. Qf3 f5 13. Ne5 Ndf6 14. h3 h6 15. g4 g5
16. gxf5 exf5 17. Qg2 Kh7 18. fxg5 hxg5 19. Nc3 Be6 20. Ne2 Rg8 21. Kh1 Qe7 22.
Ng3 Nxg3+ 23. Qxg3 Ne4 24. Bxe4 dxe4 25. Qh2 Rg7 26. Rad1 Rh8 27. d5 cxd5 28.
cxd5 Bc8 29. Bd4 Kg8 30. Rc1 Qd8 31. Qb2 Rxh3+ 32. Kg2 Rgh7 33. Rh1 Rxh1 34.
Rxh1 a6 35. Rxh7 Kxh7 36. Nf7 Qe7 37. Nxd6 Qxd6 38. Qc1 Bd7 39. Qh1+ Qh6 40.
Qxh6+ Kxh6 41. Kg3 Kg6 42. Be5 Bc8 1/2-1/2

[Event "Not Ned's games"]
[Site "http://www.queenalice.com/game.php?id=1427087"]
[Date "2016.6.10"]
[Round "-"]
[White "Maxwell"]
[Black "trompmaster"]
[Result "1/2-1/2"]
[WhiteElo "2156"]
[BlackElo "2416"]

1. d4 Nf6 2. Nf3 e6 3. Bg5 Be7 4. c3 b6 5. Nbd2 Bb7 6. Qc2 d5 7. e3 Nbd7 8. Bd3
h6 9. Bh4 c5 10. b3 Rc8 11. O-O O-O 12. Rac1 cxd4 13. exd4 a6 14. Qb1 Bd6 15.
Rfe1 Qe7 16. Ne5 Rc7 17. Ndf3 Rfc8 18. c4 Bb4 19. Re2 Ba3 20. Rcc2 g5 21. Bg3
Nh5 22. h3 Nf4 23. Bxf4 gxf4 24. Nxd7 Qxd7 25. Ne5 Qe7 26. cxd5 Rxc2 27. Rxc2
Rxc2 28. Qxc2 Bxd5 29. Bxa6 Qg5 30. Bf1 Bd6 31. Qe2 f3 32. Nxf3 Qf4 33. Ne5 Qxd4
34. Qg4+ Qxg4 35. Nxg4 Kg7 36. Bd3 f5 37. Ne3 f4 38. Nc2 Kf6 39. Kf1 e5 40. f3
h5 41. Be4 Be6 42. Ne1 Bd7 43. Bd5 Bb5+ 44. Bc4 Bxc4+ 45. bxc4 Kf5 46. Ke2 e4
47. fxe4+ Kxe4 48. Nf3 Be7 49. Kd2 Bb4+ 50. Ke2 Bd6 51. Kd2 Bb4+ 52. Ke2 1/2-1/2

[Event "Starter Games"]
[Site "http://www.queenalice.com/game.php?id=1429728"]
[Date "2016.6.30"]
[Round "-"]
[White "Maxwell"]
[Black "BillyMollison"]
[Result "1-0"]
[WhiteElo "2168"]
[BlackElo "1417"]

1. d4 b6 2. c4 Bb7 3. Nc3 Nf6 4. e3 e6 5. Nf3 Bb4 6. Bd2 Bxc3 7. Bxc3 Ne4 8. Be2
Nxc3 9. bxc3 c5 10. Qc2 Qe7 11. O-O d6 12. e4 Nd7 13. Rfe1 O-O 14. Rad1 e5 15.
d5 Nf6 16. Rf1 h6 17. Bd3 Rfe8 18. Nd2 Nh5 19. Rde1 Bc8 20. Be2 Nf4 21. Bf3 g6
22. Re3 h5 23. Rfe1 Kg7 24. Nf1 h4 25. Qd1 Qg5 26. Kh1 Rh8 27. Qc2 f5 28. Nd2 h3
29. g3 Ng2 30. Bxg2 hxg2+ 31. Kxg2 fxe4 32. Nxe4 Qg4 33. Rh1 Bf5 34. f3 Qh3+ 35.
Kg1 Rh7 36. Qf2 Bxe4 37. Rxe4 Rf8 38. Qe3 Kh8 39. Rg4 Qh5 40. Qe4 Rhf7 41. Rh4
Rxf3 42. Rxh5+ gxh5 43. Kg2 Rf2+ 44. Kh3 Rxa2 45. Qg6 a5 46. Qxd6 Re2 47. Qh6+
Kg8 48. Qg6+ 1-0

[Event "June is done"]
[Site "http://www.queenalice.com/game.php?id=1429834"]
[Date "2016.6.30"]
[Round "-"]
[White "trompmaster"]
[Black "Maxwell"]
[Result "1-0"]
[WhiteElo "2351"]
[BlackElo "2155"]

1. Nf3 d5 2. e3 Nf6 3. c4 e6 4. b3 c6 5. Bb2 Bd6 6. d4 Nbd7 7. Bd3 O-O 8. Nbd2
b6 9. Ne5 Bb7 10. f4 c5 11. O-O Ne4 12. Qe2 Ndf6 13. Rad1 Nxd2 14. Rxd2 Ne4 15.
Bxe4 dxe4 16. dxc5 bxc5 17. Rfd1 Qa5 18. Rxd6 Qxa2 19. Nd7 Rfc8 20. Nxc5 Bc6 21.
Ra1 1-0

[Event "June is done"]
[Site "http://www.queenalice.com/game.php?id=1429835"]
[Date "2016.6.30"]
[Round "-"]
[White "Maxwell"]
[Black "trompmaster"]
[Result "1/2-1/2"]
[WhiteElo "2164"]
[BlackElo "2426"]

1. d4 d6 2. Nf3 Nf6 3. c4 c6 4. Nc3 Nbd7 5. e4 e5 6. dxe5 dxe5 7. Bd3 Be7 8. O-O
Qc7 9. b3 h6 10. Bb2 g5 11. Bc2 Nf8 12. Qe2 Ng6 13. Nd1 O-O 14. Ne3 Kh7 15. h3
Nh5 16. Nxg5+ Bxg5 17. Qxh5 Nf4 18. Qf3 Rg8 19. Nf5 Bf6 20. g4 Be6 21. Rad1 Rg6
22. Kh2 Rag8 23. Bc1 Bg5 24. Rg1 Bc8 25. Bxf4 Bxf4+ 26. Kh1 Kh8 27. Bd3 Bxf5 28.
exf5 Rd6 29. Be2 Rd4 30. Rxd4 exd4 31. Qe4 Qe5 32. Qxe5+ Bxe5 33. Bd3 Re8 34.
Re1 Re7 35. Kg2 Bd6 36. Rxe7 Bxe7 37. Kf3 Bh4 38. Ke2 1/2-1/2

[Event "Challenge"]
[Site "http://www.queenalice.com/game.php?id=1436176"]
[Date "2016.8.14"]
[Round "-"]
[White "BillyMollison"]
[Black "Maxwell"]
[Result "1/2-1/2"]
[WhiteElo "1417"]
[BlackElo "2169"]

1. e4 g6 2. d4 Bg7 3. Nf3 c5 4. Bc4 cxd4 5. Nxd4 Nc6 6. Be3 Nf6 7. Nc3 d6 8. f3
a6 9. Qd2 O-O 10. O-O-O Na5 11. Bb3 b5 12. g4 Bb7 13. h4 Nxb3+ 14. Nxb3 Qc8 15.
h5 Bc6 16. hxg6 fxg6 17. Bh6 Rf7 18. Bxg7 Rxg7 19. Rh6 b4 20. Ne2 a5 21. Kb1 Be8
22. Nf4 a4 23. Nc1 Qb8 24. g5 Nd7 25. Ne6 Rf7 26. Rdh1 Nf8 27. Nxf8 Kxf8 28.
Rxh7 Rxh7 29. Rxh7 Bf7 30. Rh8+ Bg8 31. Qd5 Kg7 32. Qd4+ e5 33. Rxg8+ Kxg8 34.
Qc4+ Kg7 35. Qe6 Qf8 36. Qd7+ Kg8 37. Qe6+ 1/2-1/2

[Event "A Ned Free Game"]
[Site "http://www.queenalice.com/game.php?id=1446369"]
[Date "2016.10.19"]
[Round "-"]
[White "trompmaster"]
[Black "Maxwell"]
[Result "1-0"]
[WhiteElo "2416"]
[BlackElo "2173"]

1. Nf3 d5 2. d4 Nf6 3. g3 e6 4. Bg2 c5 5. O-O cxd4 6. Nxd4 Be7 7. c4 O-O 8. Nc3
e5 9. Nc2 d4 10. Nd5 Nxd5 11. cxd5 Nd7 12. e3 dxe3 13. Bxe3 Nf6 14. Qd3 Bd6 15.
Na3 a6 16. Nc4 b5 17. Nxd6 Qxd6 18. Rac1 Nd7 19. Rc6 Qe7 20. d6 Qf6 21. Rc7 Rb8
22. Ba7 h6 23. Rfc1 Qe6 24. Bxb8 Nxb8 25. Bd5 Qh3 26. Rxf7 Rxf7 27. Qg6 1-0

[Event "A Ned Free Game"]
[Site "http://www.queenalice.com/game.php?id=1446370"]
[Date "2016.10.19"]
[Round "-"]
[White "Maxwell"]
[Black "trompmaster"]
[Result "0-1"]
[WhiteElo "2169"]
[BlackElo "2395"]

1. d4 Nf6 2. Nf3 e6 3. Bg5 b6 4. e3 Bb7 5. Be2 Be7 6. O-O O-O 7. Nbd2 d6 8. c3
Nbd7 9. Qc2 h6 10. Bh4 c5 11. Rac1 Rc8 12. Qb1 a6 13. e4 g5 14. Bg3 Nh5 15. e5
dxe5 16. Bxe5 Nxe5 17. Nxe5 Nf4 18. Bf3 Bxf3 19. Ndxf3 Ne2+ 20. Kh1 Nxc1 21.
Rxc1 Kg7 22. Qe4 Qd5 23. Qxd5 exd5 24. Nd7 Rfd8 25. Nxb6 Rc6 26. Na4 f6 27. Re1
Kf7 28. dxc5 Bxc5 29. Nxc5 Rxc5 30. Nd4 Rd6 31. g4 Rc7 32. Re2 Rb6 33. Kg2 Rcb7
34. b3 Rc7 35. Re3 Re7 36. Kf3 Rxe3+ 37. Kxe3 Rb7 38. Nf5 Ke6 39. Kd4 Rc7 40.
Ne3 Rd7 41. Nf5 h5 42. h3 hxg4 43. hxg4 Rh7 44. Ne3 Rh2 45. Nxd5 a5 46. Ne3 Rxf2
47. a3 Rb2 48. b4 Rb3 49. Nc2 f5 50. Kc4 a4 51. gxf5+ Kxf5 52. Nd4+ Ke4 53. Nxb3
axb3 54. Kxb3 g4 55. b5 g3 56. a4 g2 0-1

[Event "Fall Chess"]
[Site "http://www.queenalice.com/game.php?id=1450481"]
[Date "2016.11.16"]
[Round "-"]
[White "trompmaster"]
[Black "Maxwell"]
[Result "1/2-1/2"]
[WhiteElo "2496"]
[BlackElo "2195"]

1. Nf3 g6 2. d4 Bg7 3. e4 c5 4. d5 d6 5. c3 Nf6 6. Bd3 Bg4 7. Nbd2 O-O 8. h3
Bxf3 9. Qxf3 Nbd7 10. Qe2 a6 11. a4 Re8 12. f4 e6 13. dxe6 Rxe6 14. O-O Qc7 15.
Qf3 Rae8 16. Re1 R6e7 17. c4 Nb8 18. Nf1 Nc6 19. Ng3 Nd4 20. Qd1 Nd7 21. Nf1 Nb8
22. Ne3 Qd8 23. Nd5 Rd7 24. a5 Nbc6 25. Bd2 Ne7 26. Nb6 Rc7 27. Bc3 Nec6 28. Nd5
Rd7 29. Ra3 Qh4 30. Qg4 Qxg4 31. hxg4 f5 32. gxf5 gxf5 33. exf5 Rxe1+ 34. Bxe1
Rf7 35. f6 Bxf6 36. Bf1 Bd8 37. Bd3 Kg7 38. Kh1 Ne7 39. Bh4 Nxd5 40. Bxd8 Nxf4
41. Be4 Ng6 42. Bd5 Rd7 43. Bb6 Nc2 1/2-1/2

[Event "Fall Chess"]
[Site "http://www.queenalice.com/game.php?id=1450482"]
[Date "2016.11.16"]
[Round "-"]
[White "Maxwell"]
[Black "trompmaster"]
[Result "1/2-1/2"]
[WhiteElo "2164"]
[BlackElo "2516"]

1. d4 g6 2. Nf3 Bg7 3. e4 d6 4. c4 e5 5. d5 f5 6. Nc3 Nf6 7. Bd3 O-O 8. O-O h6
9. Nh4 Nxe4 10. Nxg6 Nxc3 11. bxc3 Rf6 12. Nh4 e4 13. Bc2 Rf8 14. Ng6 Rf7 15.
Bd2 Kh7 16. Qh5 Qf6 17. Nf4 Bd7 18. g3 Na6 19. Rae1 Nc5 20. Re3 Rg8 21. Rfe1 Bh8
22. Kh1 Rg5 23. Qh3 Be8 24. f3 Rfg7 25. fxe4 fxe4 26. Bxe4+ Kg8 27. Bc2 Bd7 28.
Qf1 Rf7 29. R3e2 Bg4 30. Re8+ Kg7 31. Kg2 Bd7 32. R8e2 Bf5 33. Bxf5 Qxf5 34.
Ne6+ Nxe6 35. dxe6 Re7 36. Bxg5 Qxf1+ 37. Rxf1 hxg5 38. g4 Kg6 39. Rf3 Be5 40.
c5 Rxe6 41. cxd6 cxd6 42. c4 b6 43. Rf8 Re7 44. a4 Rh7 45. h3 Rf7 46. Rxf7
1/2-1/2

[Event "End of year"]
[Site "http://www.queenalice.com/game.php?id=1456731"]
[Date "2016.12.27"]
[Round "-"]
[White "trompmaster"]
[Black "Maxwell"]
[Result "1/2-1/2"]
[WhiteElo "2502"]
[BlackElo "2185"]

1. Nf3 d5 2. g3 g6 3. Bg2 Bg7 4. d4 c5 5. dxc5 Qa5+ 6. Bd2 Qxc5 7. Bc3 Nf6 8.
Bd4 Qa5+ 9. Bc3 Qd8 10. Nbd2 Nc6 11. Nb3 O-O 12. Nfd4 Re8 13. Nxc6 bxc6 14. Bd4
e5 15. Bc3 a5 16. a4 Qc7 17. Qd2 e4 18. Bxa5 Qb7 19. Bc3 Ng4 20. Bxg7 Kxg7 21.
Qd4+ Kg8 22. Nc5 Qc7 1/2-1/2

[Event "End of year"]
[Site "http://www.queenalice.com/game.php?id=1456732"]
[Date "2016.12.27"]
[Round "-"]
[White "Maxwell"]
[Black "trompmaster"]
[Result "1/2-1/2"]
[WhiteElo "2175"]
[BlackElo "2509"]

1. d4 Nf6 2. Nf3 d6 3. g3 g6 4. Bg2 Bg7 5. c4 O-O 6. Nc3 Nbd7 7. e4 e5 8. d5 Nc5
9. Qc2 a5 10. b3 h6 11. Be3 b6 12. O-O Bd7 13. Nd2 Nh7 14. f4 f5 15. Rae1 exf4
16. Rxf4 Qc8 17. Ref1 Nf6 18. exf5 g5 19. R4f3 Re8 20. Bd4 g4 21. Rf4 h5 22. Kh1
1/2-1/2